All Polish LEC / EU LCS Players - Statistics

General Stats
  • This quiz has been taken 2,045 times
    671 since last reset
  • The average score is 17 of 30
Answer Stats
Answer % Correct
Jankos
98%
Trymbi
85%
Vander
85%
Woolite
84%
Inspired
80%
Overpow
79%
Kubon
74%
Selfmade
74%
Czekolad
72%
Kikis
72%
Cinkrof
69%
Zwyroo
69%
Fresskowy
65%
Daglas
63%
Shushei
60%
Jactroll
55%
Agresivoo
54%
Celaver
54%
Xaxus
52%
Shlatan
51%
SELFIE
47%
Erdote
40%
Mystiques
39%
Libik
34%
Czaru
33%
Creaton
31%
Mokatte
30%
niQ
28%
Makler
25%
HosaN
17%
No matching quizzes found
Score Distribution
Percent of People with Each Score
Percentile by Number Answered
Your Score History
You have not taken this quiz since the last reset